Sports Quiz

Random Sports or WWE Quiz

Titles Won at WrestleMania Quiz Stats

Quiz Updated Aug 1, 2016

Challenge
Share
Tweet
Embed
Score 0/83 Timer 08:00
18 Plays Today
WrestleMania Wrestler % Correct
WrestleMania XXJohn Cena
93.8%
WrestleMania 21John Cena
93.8%
WrestleMania XXVJohn Cena
93.8%
WrestleMania XXVIJohn Cena
93.8%
WrestleMania 31John Cena
93.8%
WrestleMania VHulk Hogan
91.6%
WrestleMania VIIHulk Hogan
91.6%
WrestleMania IXHulk Hogan
91.6%
WrestleMania 29John Cena
90.5%
WrestleMania 13Undertaker
90.4%
WrestleMania 23Undertaker
90.4%
WrestleMania XXIVUndertaker
90.4%
WrestleMania X8Triple H
89.6%
WrestleMania 33Brock Lesnar
88.7%
WrestleMania 33Randy Orton
88.3%
WrestleMania 33Jeff Hardy
84.6%
WrestleMania 33Matt Hardy
84.5%
WrestleMania XIVStone Cold Steve Austin
84.2%
WrestleMania XVStone Cold Steve Austin
84.2%
WrestleMania X-7Stone Cold Steve Austin
84.2%
WrestleMania XIIShawn Michaels
82.9%
WrestleMania 2000Edge
82.7%
WrestleMania X-7Edge
82.7%
WrestleMania 32Roman Reigns
82.2%
WrestleMania 31Seth Rollins
82.1%
WrestleMania X-7Kane
81.2%
WrestleMania XXIVKane
81.2%
WrestleMania 31Daniel Bryan
81.2%
WrestleMania Wrestler % Correct
WrestleMania VIIIBret Hart
79.9%
WrestleMania XBret Hart
79.9%
WrestleMania 30Daniel Bryan
79.3%
WrestleMania 2000Christian
75.5%
WrestleMania X-7Christian
75.5%
WrestleMania X8Christian
75.5%
WrestleMania IVRandy Savage
75.4%
WrestleMania XIXBrock Lesnar
75%
WrestleMania XIOwen Hart
74.5%
WrestleMania 32Charlotte
72.7%
WrestleMania 21Batista
71.6%
WrestleMania 2000Chris Benoit
71.6%
WrestleMania XXChris Benoit
71.6%
WrestleMania 2000Chris Jericho
71.5%
WrestleMania VIIIRandy Savage
71.4%
WrestleMania VIUltimate Warrior
70.7%
WrestleMania XXVIIIBig Show
67.8%
WrestleMania XIXTrish Stratus
67.2%
WrestleMania 33Kevin Owens
66.4%
WrestleMania 32Zack Ryder
65.9%
WrestleMania 29The Miz
65.1%
WrestleMania 22Rey Mysterio
64.2%
WrestleMania XXVRey Mysterio
64.2%
WrestleMania 33Naomi
62.8%
WrestleMania IXYokozuna
61.8%
WrestleMania XIYokozuna
61.8%
WrestleMania XXVIIISheamus
61.7%
WrestleMania XVHardcore Holly
57.9%
WrestleMania Wrestler % Correct
WrestleMania 2000Hardcore Holly
57.9%
WrestleMania X-7Eddie Guerrero
57.5%
WrestleMania X8Molly Holly
56.4%
WrestleMania IIIRicky Steamboat
53.9%
WrestleMania XIVCactus Jack
53.8%
WrestleMania 22JBL
51%
WrestleMania 22Mickie James
47.4%
WrestleMania X8Rob Van Dam
46.7%
WrestleMania X8Spike Dudley
46.1%
WrestleMania X-7Chyna
45.8%
WrestleMania IVAx
44.2%
WrestleMania VIAx
44.2%
WrestleMania IVSmash
43.7%
WrestleMania VISmash
43.7%
WrestleMania IIDavey Boy Smith
41.9%
WrestleMania XIVChainsaw Charlie
36.5%
WrestleMania VRick Rude
35.4%
WrestleMania IIDynamite Kid
35%
WrestleMania IWendi Richter
34.2%
WrestleMania IIron Sheik
27.5%
WrestleMania X8Hurricane
27.5%
WrestleMania INikolai Volkoff
25.9%
WrestleMania X8Maven
25.8%
WrestleMania VIIBrian Knobbs
23.7%
WrestleMania VIIJerry Sags
23.5%
WrestleMania XIISkip
14%
WrestleMania XIIZip
13.8%

You're not logged in!

Compare scores with friends on all Sporcle quizzes.
Sign Up with Email
OR
Log In

You Might Also Like...

Show Comments

Extras

Top Quizzes Today


Score Distribution

Your Account Isn't Verified!

In order to create a playlist on Sporcle, you need to verify the email address you used during registration. Go to your Sporcle Settings to finish the process.